Capitals Without the Letters of “Minsk” - Statistics

General Stats
  • This quiz has been taken 7 times
  • The average score is 10 of 15
Answer Stats
Continents Capitals % Correct
Europe Zagreb
100%
Europe Belgrade
86%
Europe Vaduz
86%
Africa Abuja
71%
South America Bogota
71%
Africa Juba
71%
North America Ottawa
71%
Africa Rabat
71%
Europe Valletta
71%
Africa Accra
57%
Asia Doha
57%
Europe Prague
57%
Africa Harare
43%
Asia Baghdad
29%
Africa Ouagadougou
29%
No matching quizzes found
Score Distribution
Percent of People with Each Score
Percentile by Number Answered
Your Score History
You have not taken this quiz